000 00913cam a2200301u 4500
001 data
005 20260322212123.0
008 data
035 _a6734246
906 _a0
_bcbc
_cpremunv
_du
_encip
_f19
_gy-gencatlg
010 _aunk82047425
035 _9(DLC)unk82047425
040 _aDLC
_cCarP
_dDLC
050 0 0 _aCT105
_b.B76
100 1 _aBrydges, Egerton,
_cSir,
_d1762-1837.
245 1 0 _aImaginative biography...
260 _c1834.
_c1834.
300 _a2 v.
_bcm.
336 _atext
_btxt
_2rdacontent
337 _aunmediated
_bn
_2rdamedia
338 _avolume
_bnc
_2rdacarrier
650 0 _aBiography.
651 0 _aEngland
_vBiography.
655 7 _aBiographies.
_2lcgft
_0https://id.loc.gov/authorities/genreForms/gf2014026049
991 _bc-GenColl
_hCT105
_i.B76
_tCopy 1
_wPREM
999 _c1898
_d1898